Statistics for DJ Got Us Fallin’ In Love - USHER Feat. Pitbull - All Lyrics

Click here to take the quiz!

General Stats

  • This quiz has been taken 42 times
  • The average score is 329 of 433

Answer Stats

Answer% Correct
Bada
100%
bada
100%
bing,
100%
boom
100%
I
100%
in
100%
I've
100%
pshh,
100%
the
100%
The
100%
T.O
100%
to
100%
a
97%
So
97%
DJ
94%
Falling
94%
falling
94%
got
94%
(L-love
94%
love
94%
(Love
94%
tonight
94%
baby,
91%
dabba
91%
doo,
91%
us
91%
Yabba
91%
you,
91%
you
91%
(Again,
88%
again
88%
again)
88%
again-gain)
88%
club
88%
ha
88%
like
84%
we
84%
your
84%
‘Cause,
81%
'Cause,
81%
dance,
81%
dance
81%
it,
81%
it's
81%
last,
81%
last
81%
life,
81%
life
81%
(Night)
81%
night
81%
of
81%
up
81%
body
78%
no
78%
No
78%
no-now,
78%
on
78%
side
78%
side,
78%
side-side
78%
back
75%
back-back
75%
do-down,
75%
get
72%
Get
72%
Hands
72%
hands
72%
Yeah
72%
Yeah,
72%
my
69%
My
69%
right
69%
see
69%
Gon'
66%
gon'
66%
I’m
63%
is
63%
rock
63%
this
63%
before?
59%
before
59%
eye-eyes
59%
feel
59%
from
59%
music
59%
seen
59%
When
59%
And
56%
and
56%
control
56%
down,
56%
down
56%
Down,
56%
eyes
56%
eyes,
56%
Eyes,
56%
our
56%
those
56%
with
56%
Hear
53%
just
53%
remember
53%
rockin'
53%
bodies
50%
done
50%
now
50%
now,
50%
Now,
50%
Put
50%
put
50%
think
47%
Ain't
44%
but
44%
God
44%
gone
44%
her
44%
me
44%
Thank
44%
week
44%
zombie
44%
evil
41%
evil,
41%
fire
41%
fire,
41%
roof
41%
room
41%
that
41%
all
38%
as
38%
don't
38%
drops,
38%
Gonna
38%
motherf*****
38%
movie
38%
Mr.
38%
suddenly,
38%
burn
34%
set
34%
speak
34%
step
34%
Swear
34%
both
31%
hustler,
31%
Worldwide
31%
drinks
28%
make
28%
She
28%
There’s
28%
there's
28%
how
25%
Keep
25%
knew
25%
Mami
25%
tomorrow
25%
bed
22%
downin'
22%
hot
22%
roll
22%
red
19%
dreadlock
16%
headlock,
16%
That's
16%
TiVo,
16%
wrestle,
16%
hope
13%
twisted
13%
catch
9%

Score Distribution

Percentile by Number Answered

Percent of People with Each Score

Your Score History

You have not taken this quiz